00434nam a22001697a 450000500170000000800410001701000140005802000150007202000160008703500130010308200190011610000190013524500470015426000390020126000090024030000150024920081020151429.0081020t xxu||||| |||| 00| 0 eng d aENG-84488 a8178842391 c750.00 (hb) aEN-68021 a658.8703 / YOG aYoginder Singh aDictionary of retailingcby Yoginder Singh aNew DelhibCyber Tech Publications c2007 a421pc22cm